00372 a2200145 4500003000400000005001700004008004100021020001500062040000900077082001900086100002500105245005000130260003800180300000800218OSt20231226102923.0231226b |||||||| |||| 00| 0 eng d a8170554519 coclc a891.432bSIN/K aSinha, Kishore Kumar aKISSA PANCHAYAT RAJ KA /cKishore Kumar Sinha aNew Delhi:bVani Prakashan,c1996 a94p